100 Biggest Cities in Mexico - Statistics

General Stats
  • This quiz has been taken 65 times
    30 since last reset
  • The average score is 44 of 100
Answer Stats
Rank Population Answer % Correct
15 888,797 Cancún
100%
7 1,385,621 Guadalajara
100%
1 9,209,944 Mexico City
100%
9 1,142,952 Monterrey
100%
2 1,810,645 Tijuana
100%
6 1,501,551 Ciudad Juárez
95%
5 1,542,232 Puebla
95%
4 1,579,803 León
89%
19 854,186 Mexicali
89%
12 921,771 Mérida
84%
85 176,685 San Luis Río Colorado
84%
11 925,762 Chihuahua
79%
20 845,941 San Luis Potosí
79%
33 537,963 Veracruz
79%
28 658,609 Acapulco
74%
3 1,643,623 Ecatepec de Morelos
74%
18 855,563 Hermosillo
74%
26 690,193 Torreón
74%
17 863,893 Aguascalientes
68%
21 808,416 Culiacán
68%
31 616,068 Durango
68%
69 250,141 La Paz
68%
68 258,913 Oaxaca
68%
25 691,557 Reynosa
68%
16 864,431 Saltillo
68%
14 910,608 Toluca
68%
90 169,028 Chetumal
63%
8 1,257,547 Zapopan
63%
23 743,275 Morelia
58%
43 416,055 Nuevo Laredo
58%
58 304,942 Playa del Carmen
58%
22 794,789 Querétaro
58%
64 297,373 Tampico
58%
70 249,623 Campeche
53%
100 146,965 Colima
53%
42 441,975 Mazatlán
53%
74 224,166 Puerto Vallarta
53%
32 578,830 Tuxtla Gutiérrez
53%
51 340,060 Villahermosa
53%
52 332,100 Ciudad Victoria
47%
37 510,739 Matamoros
47%
13 911,168 Naucalpan
47%
10 1,072,676 Nezahualcóyotl
47%
40 443,063 Xalapa
47%
47 378,143 Celaya
42%
67 261,137 Nogales
42%
61 299,523 Uruapan
42%
79 202,694 Cabo San Lucas
37%
54 329,404 Ciudad Obregón
37%
50 341,029 Cuernavaca
37%
53 330,652 Ensenada
37%
39 452,090 Irapuato
37%
62 298,009 Los Mochis
37%
94 159,853 Manzanillo
37%
92 160,682 Salamanca
37%
84 177,719 San Juan del Río
37%
48 371,387 Tepic
37%
71 237,169 Monclova
32%
63 297,848 Pachuca
32%
75 217,550 Tapachula
32%
65 293,825 Tehuacán
32%
27 658,907 Tlalnepantla
32%
29 650,123 Tlaquepaque
32%
41 442,440 Tonalá
32%
73 225,728 Chilpancingo
26%
34 536,436 Ciudad Apodaca
26%
81 191,238 Ciudad del Carmen
26%
77 212,540 Coatzacoalcos
26%
30 635,862 Guadalupe
26%
89 170,029 Guadalupe
26%
45 386,290 Ojo de Agua
26%
88 173,959 Piedras Negras
26%
82 183,509 San Cristóbal de las Casas
26%
46 384,327 Xico
26%
86 174,704 Chalco
21%
24 703,215 Chimalhuacán
21%
35 523,065 Ciudad López Mateos
21%
78 205,933 Ciudad Madero
21%
66 293,245 Coacalco
21%
36 515,353 Cuautitlán Izcalli
21%
60 301,742 Gómez Palacio
21%
49 368,585 Ixtapaluca
21%
83 180,057 Poza Rica
21%
96 157,336 Cuautla
16%
38 454,967 General Escobedo
16%
59 304,052 Santa Catarina
16%
97 154,546 Zamora
16%
57 308,285 Ciudad Benito Juárez
11%
55 323,545 Ciudad Nicolás Romero
11%
98 149,162 Minatitlán
11%
44 412,199 San Nicolás de los Garza
11%
76 216,776 Buenavista
5%
80 193,532 Chicoloapan
5%
93 160,225 Ciudad Acuña
5%
72 234,698 García
5%
87 174,629 Jiutepec
5%
91 161,820 Miramar
5%
95 157,998 San Pablo de las Salinas
5%
56 310,192 Soledad
5%
99 147,496 Villa de Álvarez
5%
No matching quizzes found
Score Distribution
Percent of People with Each Score
Percentile by Number Answered
Your Score History
You have not taken this quiz since the last reset